Gaming Quiz

Random Gaming or Pokémon Quiz

Pokemon by numbers (Gen 1) Quiz Stats

 Plays Quiz not verified by Sporcle

Score 0/55 Timer 05:00
0 Plays Today
% Correct
Pikachu
95.9%
Raichu
94.2%
Brock
92.8%
Team Rocket
92.8%
Hitmonlee
92.4%
Hitmonchan
91.8%
Misty
91.4%
Machamp
90.8%
Electabuzz
90.4%
Machoke
90.3%
Machop
90.1%
Zapdos
89.9%
Voltorb
89.5%
Eevee to Flareon
89.3%
Electrode
88.9%
Magnemite
88.7%
Magneton
88.7%
Pallet Town
88.3%
Cut
87.3%
Surf
87.3%
Fly
86.4%
Mankey
85.8%
Primeape
85.2%
Growlithe to Arcanine
85.2%
Cerulean City
83.8%
Flash
83.4%
Diglett
83%
Dugtrio
83%
% Correct
Strength
82.7%
Viridian City
82.3%
Jolteon
82.1%
Vulpix to Ninetales
82.1%
Giovanni
81.3%
Lt Surge
81.1%
Pewter City
80.1%
Lance
79.5%
Sandshrew
78.9%
Sandslash
78.4%
Sabrina
78%
Bruno
77.4%
Blaine
75%
Agatha
74.9%
Erika
74.7%
Koga
74.7%
Saffron City
74.5%
Celadon City
74.1%
Lavender Town
73.9%
Helix Fossil
72.7%
Cinnabar Island
72.3%
Lorelei
71.7%
Vermilion City
70.6%
Dome Fossil
68.2%
Fuchsia City
58.5%
Cubone
56.5%
Marowak
56.3%

You're not logged in!

Compare scores with friends on all Sporcle quizzes.
OR
Log In

Show Comments

Extras

Created Feb 15, 2012ReportNominate
Tags:Pokémon Quiz, gen, Gen 1

Top Quizzes Today


Score Distribution

Your Account Isn't Verified!

In order to create a playlist on Sporcle, you need to verify the email address you used during registration. Go to your Sporcle Settings to finish the process.

Report this User

Report this user for behavior that violates our Community Guidelines.

Details: